| 000 | 00528nam a2200169Ia 4500 | ||
|---|---|---|---|
| 999 |
_c20330 _d20330 |
||
| 003 | OSt | ||
| 005 | 20211111122924.0 | ||
| 008 | 190216s9999||||xx |||||||||||||| ||und|| | ||
| 040 | _coclc | ||
| 082 |
_a016.954025 _bGUP/S |
||
| 100 |
_aGupta, Manik Lal _98897 |
||
| 245 | 0 |
_aSources Of Mughal History 1526 To 1740 / _cManik Lal Gupta |
|
| 260 |
_bAtlantic Publications & Distributors, _c1990. _aNew Delhi: |
||
| 300 | _a118p | ||
| 650 | _aHistory | ||
| 942 |
_cBK _2ddc _h016.954025 _iGUP/S _k016.954025 _mGUP/S |
||